000
00318nam a22001337a 4500
020
_a
978-1848872790
082
_a
920
_b
MAR/B
100
_a
MARANISS,DAVID
245
_a
BARACK OBAMA
_b
THE MAKING OF THE MAN
260
_a
LONDON
_b
ATLANTIC BOOKS
300
_a
641
650
_a
LIFE OF BARACK OBAMA
_z
LONDON
942
_c
BK
999
_c
5619
_d
5619